Normal view
MARC view
- Survey of India
Entry Personal Name
001 - CONTROL NUMBER
- control field: 39703
003 - CONTROL NUMBER IDENTIFIER
- control field: NUST
005 - DATE AND TIME OF LATEST TRANSACTION
- control field: 20210314131521.0
008 - FIXED-LENGTH DATA ELEMENTS
- fixed length control field: 210314|| aca||aabn | a|a d
040 ## - CATALOGING SOURCE
- Original cataloging agency: NUST
- Transcribing agency: NUST
100 ## - HEADING--PERSONAL NAME
- Personal name: Survey of India
670 ## - SOURCE DATA FOUND
- Source citation: Work cat.: (NUST): Survey of India, Survey of India general report, c1939
